000 00418 a2200121 4500
001 ART_43594
005 20260410162024.0
008 260409a
245 1 0 _aOn the relation between optimal incentive structures and the cost and benefits of bottlenecks
100 1 _aGietzmann, Miles
700 1 _aHemmer, Thomas
773 0 _tJournal of labor economics
_g- Vol. 20, NÂș 2/2 (abr. 2002)
_wREV43438
999 _c33414
_d33414